| 000 | 01084cam a2200217 4500 | ||
|---|---|---|---|
| 001 | ABS68531 | ||
| 008 | 041220n2004 000 0 eng u | ||
| 035 | _a(Sirsi) u128356 | ||
| 245 | _aIt's only natural: building renewables into four future | ||
| 260 | _c2004 | ||
| 490 |
_aPlanning (for the Natural and Built Environment) DTI Renewable Energy Supplement _vDecember 2004, 12 (LOAN) |
||
| 520 | _aThis special feature on renewable energy sources looks at the increase in the number of renewable energy plants as part of the government's framework of meeting renewable energy targets by 2010. Outlines planning guidance laid down in PPS22, highlights the role of the Renewable Power Association in promoting renewable energy projects. Concludes with a list of projects at various stages of the planning cycle promoting the use of renewables such as solar energy. | ||
| 590 | _aABS | ||
| 590 | _aABS | ||
| 650 | _aRENEWABLE ENERGY SOURCES | ||
| 650 | _aPPS22 | ||
| 650 | _aSOLAR ENERGY | ||
| 650 | _aRENEWABLE POWER ASSOCIATION | ||
| 690 |
_aENERGY _96237 |
||
| 942 | _n0 | ||
| 999 |
_c118467 _d118467 |
||